[Event "VEN-ch (Women)"]
[Site "Guatire"]
[Date "2020.01.26"]
[Round "3"]
[White "Chghale Perez, Rosmarly Josefina"]
[Black "Vargas Ortiz, Grecia Valentina"]
[Result "1-0"]
[WhiteElo "1765"]
[BlackElo "1673"]
[PlyCount "109"]
[EventDate "2020.01.25"]
[EventType "tourn"]
[EventRounds "9"]
[EventCountry "VEN"]
[SourceTitle "CBM 194 Extra"]
[Source "ChessBase"]
[SourceDate "2020.03.31"]
[SourceVersion "1"]
[SourceVersionDate "2020.03.31"]
[SourceQuality "1"]

1. d4 d5 2. c4 c6 3. Nf3 Nf6 4. Nc3 g6 5. e3 Bg7 6. Bd3 0-0 7. 0-0 Re8 8. Ne5 Nfd7 9. f4 f5 10. cxd5 Nxe5 11. dxe5 cxd5 12. Bb5 e6 13. Bxe8 Qxe8 14. Qa4 Bd7 15. Qb4 Bc6 16. Bd2 Bf8 17. Qb3 Nd7 18. a4 a6 19. Qc2 Rc8 20. Rfc1 Nb6 21. b3 Qd7 22. Qd3 Be7 23. Ne2 Rc7 24. Ba5 Na8 25. Bxc7 Nxc7 26. Nd4 Bb4 27. Qc2 Qe7 28. Nxc6 bxc6 29. Qxc6 Ne8 30. Rc2 a5 31. Qc8 Kf7 32. Rac1 Kf8 33. Rc6 Qa7 34. Kf2 Bd2 35. R1c5 Bb4 36. Rc7 Qb6 37. R5c6 Be1+ 38. Kxe1 Qxe3+ 39. Kd1 Qd4+ 40. Kc2 Qf2+ 41. Kb1 Qe1+ 42. Kb2 Qd2+ 43. Rc2 Qd4+ 44. R7c3 g5 45. Qxe6 gxf4 46. Qxf5+ Kg7 47. e6 Nd6 48. Qd3 Qe5 49. e7 h6 50. Re2 Ne4 51. Rxe4 dxe4 52. Qd8 Qh5 53. Qf8+ Kh7 54. e8Q Qd5 55. Rc7+ 1-0

[Event "Valera FVA 82nd Anniv"]
[Site "Valera"]
[Date "2017.12.16"]
[Round "7"]
[White "Vargas Ortiz, Grecia Valentina"]
[Black "Charcousse, Jose"]
[Result "0-1"]
[WhiteElo "1609"]
[BlackElo "1794"]
[PlyCount "26"]
[EventDate "2017.12.13"]
[EventType "swiss"]
[EventRounds "7"]
[EventCountry "VEN"]
[SourceTitle "CBM 182 Extra"]
[Source "ChessBase"]
[SourceDate "2018.02.23"]
[SourceVersion "1"]
[SourceVersionDate "2018.02.23"]
[SourceQuality "1"]

1. Nf3 c5 2. c4 Nf6 3. e3 e6 4. b3 Nc6 5. Bb2 Be7 6. a3 0-0 7. Qc2 b6 8. Be2 Bb7 9. 0-0 d5 10. d3 dxc4 11. dxc4 Qc7 12. Nbd2 Rfd8 13. Rad1 Rd7 0-1

[Event "Valera FVA 82nd Anniv"]
[Site "Valera"]
[Date "2017.12.13"]
[Round "2"]
[White "Vargas Ortiz, Grecia Valentina"]
[Black "Alcala Vitora, Wilfredo Enrique"]
[Result "0-1"]
[WhiteElo "1609"]
[BlackElo "2023"]
[PlyCount "70"]
[EventDate "2017.12.13"]
[EventType "swiss"]
[EventRounds "7"]
[EventCountry "VEN"]
[SourceTitle "CBM 182 Extra"]
[Source "ChessBase"]
[SourceDate "2018.02.23"]
[SourceVersion "1"]
[SourceVersionDate "2018.02.23"]
[SourceQuality "1"]

1. Nf3 d5 2. c4 e6 3. e3 Nf6 4. Qc2 Be7 5. b3 0-0 6. Bb2 c5 7. a3 Nc6 8. Ng5 d4 9. Be2 e5 10. d3 dxe3 11. fxe3 Ng4 12. Bxg4 Bxg4 13. Nf3 Bh4+ 14. Nxh4 Qxh4+ 15. Qf2 Qxf2+ 16. Kxf2 Rad8 17. h3 Bh5 18. g4 Bg6 19. Rd1 Rxd3 20. Nd2 Rfd8 21. Ke2 f5 22. Nf3 f4 23. exf4 exf4 24. Nd2 Re3+ 25. Kf2 Bc2 26. Nf1 Rxd1 27. Rxd1 Bxd1 28. Nxe3 fxe3+ 29. Kxe3 Bxb3 30. Kd3 Kf7 31. Kc3 Bd1 32. Kd3 Bf3 33. h4 Ne5+ 34. Kc3 Nxg4 35. Kb3 Bd1+ 0-1